| 000 | 00716nam a2200205 i 4500 | ||
|---|---|---|---|
| 001 | 33309 | ||
| 003 | ES-MaACL | ||
| 005 | 20250829132030.0 | ||
| 007 | t| | ||
| 008 | 030202s1962 sp ||||1| spa d | ||
| 100 | 1 |
_aBessenrodt, Otto. _928599 |
|
| 245 | 1 | 0 |
_aConsultorio de padres de familia _b: cartas de orientación para padres educadores / _cOtto Bessenrodt ; traducción del alemán por M.M. Muñoz Jiménez-Millas. |
| 260 |
_aMadrid : _bStvdivm, _c[1962] |
||
| 300 |
_a167 p. ; _c18 cm. |
||
| 490 | 1 |
_aHogar y Pedagogía ; _v39 |
|
| 700 | 1 |
_aMuñoz Jiménez-Millás, M. M. _984439 |
|
| 830 | 0 | 0 |
_aHogar y pedagogía _v39 _9181444 |
| 852 |
_aES-MaACL _jG-8783 _bR.52140 |
||
| 999 |
_c33309 _d33309 |
||